| 000 | 00640nam a2200205 i 4500 | ||
|---|---|---|---|
| 001 | bg | ||
| 245 | 0 | 0 |
_aPolski przedsiębiorca w Unii Europejskiej / _c[Małgorzata Stachowiak et al.]. |
| 260 |
_aWarszawa : _b"Hubertus", _c2000. |
||
| 300 |
_a233 s. ; _c21 cm. |
||
| 490 | 1 | _aPolska. Europa. Integracja | |
| 650 | 9 |
_aPrzedsiębiorstwa małe i średnie _zPolska _yod 1989 r. |
|
| 650 | 9 |
_aPrzedsiębiorstwa małe i średnie _xUnia Europejska |
|
| 830 | _aPolska. Europa. Integracja | ||
| 040 | _cBPK | ||
| 041 | 0 | _apl | |
| 080 | _a658.114(438) | ||
| 080 | _a658.114(4-67) | ||
| 942 | _cKS | ||
| 008 | s pl f |000 0 pol | ||
| 999 |
_c37439 _d37439 |
||
| 856 |
_uhttp://koha.tu.koszalin.pl/cgi-bin/koha/opac-detail.pl?biblionumber=37439 _yKatalog online BPK |
||